MAASAI MARA UNIVERSITY

LIBRARY CATALOGUE

Contact Us: +254 020 2685356/7 or 0774 057787

Box: 861-20500, NAROK, KENYA

Email: info@mmarau.ac.ke

_Jawetz, Melnick & Adelberg's medical microbiology (Record no. 5776)

MARC details
000 -LEADER
fixed length control field 00467nam a2200157Ia 4500
008 - FIXED-LENGTH DATA ELEMENTS--GENERAL INFORMATION
fixed length control field 151021s9999 xx 000 0 und d
050 ## - LIBRARY OF CONGRESS CALL NUMBER
Classification number QR 46 .B78 2007
245 ## - TITLE STATEMENT
Title _Jawetz, Melnick & Adelberg's medical microbiology
250 ## - EDITION STATEMENT
Edition statement 24th ed.
260 ## - PUBLICATION, DISTRIBUTION, ETC. (IMPRINT)
Place of publication, distribution, etc. Mc Graw Hill Medical New York 2007
300 ## - PHYSICAL DESCRIPTION
Extent x, 818p. : ills
500 ## - GENERAL NOTE
General note includes index
650 ## - SUBJECT ADDED ENTRY--TOPICAL TERM
Topical term or geographic name as entry element _Medical Microbiology
700 ## - ADDED ENTRY--PERSONAL NAME
Personal name _Karen C. Carroll
980 ## - EQUIVALENCE OR CROSS-REFERENCE-SERIES STATEMENT--PERSONAL NAME/TITLE [LOCAL, CANADA]
Personal name ^d20110303 04:10:28^okorir

No items available.

© 2016 Maasai Mara University.